000 01507nam a22002057a 4500
999 _c60052
_d60052
003 Ge_BSU
005 20230602122319.0
008 230601s1977 ge ||||| |||| 00| 0 geo d
041 _ageo
080 _a94(395.3-21) მ-15
100 _aმათიაშვილი, ნანა
_918403
245 _aძველი წ. III-I სს. კოლხეთის ქალაქების ეკონომიკური ისტორიიდან :
_bკერამიკური მასალების მიხედვით /
_cნანა მათიაშვილი; რედ. ო. ლორთქიფანიძე; ივ. ჯავახიშვილის სახ. ისტორიის, არქეოლოგიისა და ეთნოგრაფიის ინ-ტი.
264 _aთბილისი :
_bმეცნიერება,
_c1977.
300 _a137 გვ. :
_b13 ფ. ილ. ;
_c21 სმ.
520 _aრეზუმე რუსულ და ინგლისურ ენებზე.
653 _aკოლხეთის ქალაქების ეკონომიკური ისტორია
700 _aლორთქიფანიძე, ო.
_e რედაქტორი
_917578
710 _aივ. ჯავახიშვილის სახ. ისტორიის, არქეოლოგიისა და ეთნოგრაფიის ინ-ტი.
_918404
942 _2udc
_cBK